La vida humana: orígen y desarrollo: reflexiones bioéticas de cientificos y moralistas

Gardado en:
Detalles Bibliográficos
Main Authors: Abel, Francesco (Author), Bone, Eduardo (Author), Harvey, John C (Author)
Formato: Libro
Idioma:Lingua castelá
Publicado: Madrid Universidad Pontificia Comillas 1989
Subjects:
Tags: Engadir etiqueta
Sen Etiquetas, Sexa o primeiro en etiquetar este rexistro!

MARC

LEADER 00000nam a2200000 a 4500
001 UCX9172
003 CL-VaPUC
008 940519e19890000SP |||||||||||||||||spa|d
082 0 4 |a 174.9  |b ABE  |2 21 
100 0 |a Abel, Francesco  |e author  |9 326508 
700 0 |a Bone, Eduardo  |e author  |9 326509 
700 0 |a Harvey, John C  |e author  |9 326510 
245 1 3 |a La vida humana: orígen y desarrollo: reflexiones bioéticas de cientificos y moralistas 
300 |a 289 p 
942 |c BK 
945 |d 19940519 00:00:00  |a aalvarez 
260 |a Madrid  |b Universidad Pontificia Comillas  |c 1989 
650 0 |a Bioética  |9 256117 
650 7 |a EMBARAZO ASPECTOS MORALES Y ETICOS  |2 CL-VaPUC  |9 326511 
650 7 |a EMBARAZO ASPECTOS FISIOLOGICOS  |2 CL-VaPUC  |9 326512 
583 |a last modification  |c 19940519 00:00:00  |k Rodrigo Vera 
999 |c 228488  |d 228486 
952 |0 0  |1 0  |4 0  |6 174_900000000000000_ABE_1989  |7 0  |8 DER_TF  |9 228617  |a BIBDER  |b BIBDER  |d 2019-11-15  |i 2981386  |l 2  |o 174.9 ABE 1989  |p 2981386  |r 2024-10-15  |s 2024-10-10  |w 2019-11-15  |x Ubicación 4to Piso  |y BK  |z Estos recursos deben solicitarse con anticipación  |k DER